NFL Week 12 Fantasy Leaders 2025-2026 - Statistics

General Stats
  • This quiz has been taken 122 times
  • The average score is 11 of 20
Answer Stats
Position Points Player % Correct
RB 55.4 Jahmyr Gibbs
95%
WR 29.9 Amon-Ra St. Brown
81%
WR 30.6 Wan'Dale Robinson
75%
WR 37.1 Jaxon Smith-Njigba
73%
WR 25 AJ Brown
72%
WR 29.6 George Pickens
71%
QB 30.9 Jalen Hurts
64%
QB 22.9 Matthew Stafford
64%
QB 28.1 Dak Prescott
61%
RB 27.2 Christian McCaffrey
60%
WR 23.2 Davante Adams
58%
QB 33.2 Jameis Winston
54%
RB 26.5 Emanuel Wilson
51%
WR 24.1 Rashee Rice
48%
RB 22.8 Derrick Henry
41%
TE 24.5 Hunter Henry
41%
RB 21.9 James Cook
33%
RB 24.8 Ashton Jeanty
27%
WR 23.4 DJ Moore
22%
QB 23.9 Cam Ward
18%
No matching quizzes found
Score Distribution
Percent of People with Each Score
Percentile by Number Answered
Your Score History
You have not taken this quiz